000
00326nam a22001457a 4500
020
_a
978-81-254-6780-8
082
_a
823
_b
NAI/K
100
_a
NAIR, SINDHU V
245
_a
KERALA FOLK TALES
_b
SHORT STORY
260
_a
KOTTAYAM
_b
DC BOOKS
_c
2017
300
_a
116
520
_a
FOLK TALES
650
_a
FOLK TALES
942
_c
BK
999
_c
3836
_d
3836